Jarná výsadba a povýsadbové ošetrenie broskýň

Bibliographic Details
Main Author: Soják, Š. (Author)
Format: Article
Language:Slovak
PhysicalDescription:Obr.
ISSN:0862-5565
Subjects:

MARC

LEADER 00000nab a2200000 a 4500
001 vtls000794128
003 SK-MaSNL
005 20260302154632.0
008 180205c2002 xo 0 slo
015 |a SNBRB2002/05-16212 
035 |a CLN000145783 
040 |a SNKBUCL  |b slo  |c SNKBUCL  |e AACR2 
041 0 |a slo 
044 |a xo  |c SK 
080 |a 634.25:631.53/.54  |2 UDC-MRF-SK2 
080 |a 631.53/.54  |2 UDC-MRF-SK2 
100 1 |a Soják, Š.  |4 aut  |9 809212 
245 1 0 |a Jarná výsadba a povýsadbové ošetrenie broskýň  |c Š. Soják 
300 |b Obr. 
650 0 7 |a broskyne  |x výsadba  |x ošetrenie  |2 snkbucl  |9 851683 
655 7 |a články z novín a časopisov  |2 snkbucl  |9 267496 
773 0 |x 0862-5565  |t Záhradkár  |g Roč. 38, č. 3 (2002), s. 33 
850 |a Slovenská národná knižnica v Martine 
852 |a SNK  |b KIS3GCP 
958 |a RBX 
999 |c 1369021  |d 1370951